Estádios das últimas 10 finais de UEFA Champions League - Statistics

Estatísticas Gerais
  • Esse quiz foi jogado 130 vezes
    52 desde o último reset
  • A pontuação média é 5 de 10
Estatísticas das Respostas
Ano Cidade e país Campeão Vice-campeão Estádio % Correto
2025 Munique, Alemanha Paris Saint-Germain Inter de Milão Allianz Arena
90%
2016 Milão, Itália Real Madrid Atlético de Madrid Giuseppe Meazza
83%
2020 Lisboa, Portugal Bayern de Munique PSG Estádio da Luz
75%
2024 Londres, Inglaterra Real Madrid Borussia Dortmund Wembley
75%
2021 Porto, Portugal Chelsea Manchester City Estádio do Dragão
73%
2019 Madrid, Espanha Liverpool Tottenham Metropolitano
60%
2022 Saint-Denis, França Real Madrid Liverpool Stade de France
38%
2017 Cardiff, País de Gales Real Madrid Juventus Millennium Stadium
10%
2023 Istambul, Turquia Manchester City Inter de Milão Olímpico Atatürk
10%
2018 Kiev, Ucrânia Real Madrid Liverpool Olímpico de Kiev
10%
Nenhum quiz correspondente encontrado
Distribuição das Pontuações
Porcentagem de Pessoas com Cada Pontuação
Percentil de Números Respondidos
Sua Pontuação Histórica
Você não jogou esse quiz desde o último reset